| 000 | 00931cam a22002654a 4500 | ||
|---|---|---|---|
| 001 | 14146032 | ||
| 005 | 20241106172759.0 | ||
| 008 | 051019s2007 maua 001 0 eng | ||
| 020 | _a9780073516677 | ||
| 020 | _a9780073516677 | ||
| 050 | 0 | 0 |
_aQA76.5 _b.O428 2007 |
| 082 | 0 | 0 |
_a004 _222 |
| 100 | 1 |
_aO'Leary, Timothy J., _d1947- |
|
| 245 | 1 | 0 |
_aComputing essentials 2007 / _cTimothy J. O'Leary, Linda I. O'Leary. |
| 250 | _aComplete ed. | ||
| 260 |
_aBoston : _bMcGraw-Hill Irwin, _cc2007. |
||
| 300 |
_axxvi, 531 p. : _bcol. ill. ; _c28 cm. |
||
| 500 | _aIncludes indexes. | ||
| 650 | 0 | _aComputers. | |
| 650 | 0 | _aElectronic data processing. | |
| 700 | 1 | _aO'Leary, Linda I. | |
| 856 | 4 | 1 |
_3Table of contents _uhttp://www.loc.gov/catdir/enhancements/fy0625/2005055115-t.html |
| 856 | 4 | 2 |
_3Contributor biographical information _uhttp://www.loc.gov/catdir/enhancements/fy0737/2005055115-b.html |
| 942 |
_2lcc _cBK _ecomplete Ed. _n0 |
||
| 999 |
_c739 _d739 |
||